Las obligaciones de Osuna (Record no. 35238)
[ view plain ]
| 000 -LEADER | |
|---|---|
| campo de control de longitud fija | 00657nam a2200169 i 4500 |
| 001 - NÚMERO DE CONTROL | |
| campo de control | 35238 |
| 003 - IDENTIFICADOR DE NÚMERO DE CONTROL | |
| campo de control | ES-MaACL |
| 005 - FECHA Y HORA DE LA ÚLTIMA TRANSACCIÓN | |
| campo de control | 20250927163932.0 |
| 007 - CAMPO FIJO DE DESCRIPCIÓN FÍSICA--INFORMACIÓN GENERAL | |
| campo de control de longitud fija | t| |
| 008 - DATOS DE LONGITUD FIJA--INFORMACIÓN GENERAL | |
| campo de control de longitud fija | 150611s1896 sp ||||1| spa d |
| 245 04 - MENCIÓN DEL TÍTULO | |
| Título | Las obligaciones de Osuna |
| Resto del título | : historia de un negocio : apéndice publicado por la Comisión ejecutiva de obligacionistas. |
| 260 ## - PUBLICACIÓN, DISTRIBUCIÓN, ETC. | |
| Lugar de publicación, distribución, etc. | Madrid : |
| Nombre del editor, distribuidor, etc. | [s.n.], |
| Fecha de publicación, distribución, etc. | 1896 ( |
| Fabricante | Est. tip. de Fortanet) |
| 300 ## - DESCRIPCIÓN FÍSICA | |
| Extensión | 105 p. ; |
| Dimensiones | 27 cm. |
| 600 17 - PUNTO DE ACCESO ADICIONAL DE MATERIA--NOMBRE DE PERSONA | |
| Nombre de persona | Osuna, Mariano Téllez-Girón y Beaufort, |
| Títulos y otros términos asociados al nombre | Duque de, |
| Fechas asociadas al nombre | 1814-1882 |
| Fuente del encabezamiento o término | |
| 9 (RLIN) | 130737 |
| 852 ## - LOCALIZACIÓN | |
| Ubicación | ES-MaACL |
| Número de control de estantería | T-820-F-7 |
| Nota libre | .- Enc. en un vol. facticio conservando la enc. original |
| Estatus retirado | Estado de pérdida | Estado de daño | No para préstamo | Colección | Biblioteca de origen | Biblioteca actual | Ubicación en estantería | Fecha de adquisición | Fuente de adquisición | Total de préstamos | Signatura topográfica completa | Código de barras | Visto por última vez | Precio de reemplazo | Tipo de ítem Koha |
|---|---|---|---|---|---|---|---|---|---|---|---|---|---|---|---|
| Colección de folletos | Biblioteca del Ateneo de Madrid | Biblioteca del Ateneo de Madrid | Depósito folletos | 11/06/2015 | T-820-F-7 | 1193871 | 23/02/2023 | 23/02/2023 | Folleto |
